000 00259nam a2200097Ia 4500
082 _aEF KOON
245 0 _aThe servants of twilight
100 _a Koontz, Dean R. , 1945- London, 1991
_985672
942 _cBK
008 210817s9999 xx 000 0 und d
999 _c321224
_d321223